Bibliografi - anotasi bahan rujukan mengenai panducari
| Main Author: | |
|---|---|
| Format: | Book |
| Published: |
Kuala Lumpur :
Arkib Negara Malaysia ,
1991
|
| Subjects: |
MARC
| LEADER | 00000cam a2200000 7i4500 | ||
|---|---|---|---|
| 001 | 0000001001 | ||
| 005 | 20131207.0 | ||
| 020 | 0 | 0 | |a 9679120163 |
| 090 | 0 | 0 | |a 011.02 |b ALI 1991 |
| 100 | 0 | 0 | |a Aliza bt. Ismail |
| 245 | 1 | 0 | |a Bibliografi - anotasi bahan rujukan mengenai panducari |c oleh Aliza bt. Ismail |
| 260 | 0 | 0 | |a Kuala Lumpur : |b Arkib Negara Malaysia , |c 1991 |
| 300 | |a 55 p. ; |c 21 cm. | ||
| 500 | 0 | 0 | |a Includes index |
| 650 | 0 | 0 | |a Reference books |x Bibliography |
| 998 | |a JPSM | ||
| 999 | |a 0000000215 |b Monograph |c Open Shelf |e Default branch | ||